书目信息 |
| 题名: |
比我们高贵的人们
|
|
| 作者: | 毛姆 著 ;杨建玫 , 娄遂祺 译 | |
| 分册: | ||
| 出版信息: | 北京 群众出版社 2016 |
|
| 页数: | 334页 | |
| 开本: | 21cm | |
| 丛书名: | ||
| 单 册: | ||
| 中图分类: | I561.35 | |
| 科图分类: | ||
| 主题词: | 戏剧文学--xi ju wen xue--剧本--作品集--英国--现代 | |
| 电子资源: | ||
| ISBN: | 978-7-5014-5492-1 | |
| 000 | 00886nam0 22002651 450 | |
| 001 | 0122100730 | |
| 005 | 20170322100730.0 | |
| 010 | @a978-7-5014-5492-1@dCNY32.00 | |
| 100 | @a20160516d2016 em y0chiy50 ea | |
| 101 | 1 | @achi@ceng |
| 102 | @aCN@b110000 | |
| 105 | @ay z 000by | |
| 106 | @ar | |
| 200 | 1 | @a比我们高贵的人们@9bi wo men gao gui de ren men@dOur betters@f(英)威廉·萨默塞特·毛姆著@g杨建玫,娄遂祺译@zeng |
| 210 | @a北京@c群众出版社@d2016 | |
| 215 | @a334页@d21cm | |
| 300 | @a毛姆经典文库·剧本 | |
| 510 | 1 | @aOur betters@zeng |
| 606 | 0 | @a戏剧文学@9xi ju wen xue@x剧本@x作品集@y英国@z现代 |
| 690 | @aI561.35@v5 | |
| 701 | 0 | @c(英)@a毛姆@9mao mu@c(Maugham, William Somerset@f1874~1965)@4著 |
| 702 | 0 | @a杨建玫@9yang jian mei@c(女,@f1970~)@4译 |
| 702 | 0 | @a娄遂祺@9lou sui qi@4译 |
| 801 | 0 | @aCN@bTANGWEI@c20170308 |
| 905 | @b0959250-3@dI561.35@e668@f4 | |
| 比我们高贵的人们=Our betters/(英)威廉·萨默塞特·毛姆著/杨建玫,娄遂祺译.-北京:群众出版社,2016 |
| 334页;21cm |
| 毛姆经典文库·剧本 |
| ISBN 978-7-5014-5492-1:CNY32.00 |
| ● |
| 相关链接 |
|
|
|
|
正题名:比我们高贵的人们
索取号:I561.35/668
 
预约/预借
| 序号 | 登录号 | 条形码 | 馆藏地/架位号 | 状态 | 备注 |
| 1 | 0959250 | 209592500 | 第一样本阅览室/ [索取号:I561.35/668] | 在馆 | |
| 2 | 0959251 | 209592519 | 第二借阅区/ [索取号:I561.35/668] | 在馆 | |
| 3 | 0959252 | 209592528 | 第二借阅区/ [索取号:I561.35/668] | 在馆 | |
| 4 | 0959253 | 209592537 | 第二借阅区/ [索取号:I561.35/668] | 在馆 |